000
00239nmm a2200085Ia 4500
008
220120s9999||||xx |||||||||||||||||und||
100
_a
Digit
245
0
_a
Grand theftAuto, steam os round up, 12 full free games
260
_a
Nine dot Nine
_c
2103
999
_c
139871
_d
139871